| 000 | 00699nam a2200217 a 4500 | ||
|---|---|---|---|
| 005 | 20240228064234.0 | ||
| 008 | 160429s2009 mx r 000 0 spa d | ||
| 020 | _a9788493617868 | ||
| 035 | _aUPN01000209973 | ||
| 049 | _aI | ||
| 050 | 4 |
_aB4568 Z3.44 _bA5.5 |
|
| 100 | 1 |
_aAntolín Villota, Luisa, _d1968- _939177 |
|
| 245 | 1 | 0 |
_aMaría Zambrano : _bla música de la luz / _cLuisa Antolín Villota ; il. de Antonia Santolaya. |
| 260 |
_aMadrid : _bHotelpapel, _c[2009]. |
||
| 300 |
_a33 p. : _bil. |
||
| 440 | 0 | _aVioleta infantil | |
| 600 | 1 | 4 |
_aZAMBRANO, MARIA, _d1907-1991 _912056 |
| 650 | 4 |
_aFILOSOFOS - _vBIOGRAFIA _915634 |
|
| 650 | 4 |
_aLibros y lectura para niños _92290 |
|
| 905 | _aInfantil | ||
| 999 |
_c182074 _d182074 |
||